000 00742nam a2200289Ia 4500
005 20260324121439.0
008 008 260324s9999 xx 000 0 eng d
020 _a9781315597416
037 _aEBOOK
040 _aCRL
040 _beng
040 _cCRL
041 _2eng
041 _aeng
084 _qCRL
100 _aManuela Albertone
_91162556
245 0 _aNational Identity and the Agrarian Republic
245 4 _bThe Transatlantic Commerce of Ideas between America and France (1750–1830)
260 _bTaylor and Francis
260 _c2014
365 _a
365 _b240
856 _uhttp://www.taylorfrancis.com/books/9781315597416
942 _cEBOOK
999 _c1754651
_d1754651